Central Library, Doon University
WEBOPAC (ONLINE PUBLIC ACCESS CATALOGUE)

Textbook of geomorphology (Record no. 60277)

MARC details
000 -LEADER
fixed length control field 00429nam a22001817a 4500
005 - DATE & TIME
control field 20260207162425.0
008 - FIXED-LENGTH DATA ELEMENTS--GENERAL INFORMATION
fixed length control field 260207b |||||||| |||| 00| 0 eng d
020 ## - ISBN
International Standard Book Number 9788185891569
Price 900.00
040 ## - CATALOGING SOURCE
Original cataloging agency Doon University
041 ## - Language
Language English
082 ## - DDC NUMBER
Classification number 551
Book Number DAY
100 ## - MAIN ENTRY--PERSONAL NAME
Personal name Dayal, P
245 ## - TITLE STATEMENT
Title Textbook of geomorphology
260 ## - PUBLICATION, DISTRIBUTION, ETC. (IMPRINT)
Place of publication, distribution, etc New Delhi
Name of publisher, distributor, etc Rajesh
Date of publication, distribution, etc 2023
300 ## - PHYSICAL DESCRIPTION
Pages 742
650 ## - Subject
Subject Geology
942 ## - ADDED ENTRY ELEMENTS (KOHA)
Koha item type Books
100 ## - MAIN ENTRY--PERSONAL NAME
-- 26231
650 ## - Subject
-- 1039
952 ## - LOCATION AND ITEM INFORMATION (KOHA)
-- 2026-02-07
952 ## - LOCATION AND ITEM INFORMATION (KOHA)
-- 2026-02-07
952 ## - LOCATION AND ITEM INFORMATION (KOHA)
-- 2026-02-07
Holdings
Withdrawn status Lost status Source of classification or shelving scheme Damaged status Not for loan Location (home branch) Sublocation or collection (holding branch) Date acquired Koha issues (times borrowed) Koha full call number Accession No. Koha date last seen Koha item type
          Doon University Doon University 07.02.2026   551 DAY 52525 07.02.2026 Books
          Doon University Doon University 07.02.2026   551 DAY 52526 07.02.2026 Books
          Doon University Doon University 07.02.2026   551 DAY 52527 07.02.2026 Books
Contact : +91-135-2533126 (Library),+91-135-2533105 (Admin Office) , Email : doonlibrary@gmail.com

Powered by Koha